Statistics for Countries Beginning With Each Letter That Contain No Letter A

Click here to take the quiz!

General Stats

  • This quiz has been taken 82 times
  • The average score is 5 of 9

Answer Stats

Beginning LetterAnswer% Correct
YYEMEN
86%
DDJIBOUTI
83%
FFIJI
83%
EEGYPT
67%
KKOSOVO
63%
GGREECE
51%
NNIGER
49%
UUNITED KINGDOM
38%
RREPUBLIC OF THE CONGO
11%

Score Distribution

Percentile by Number Answered

Percent of People with Each Score

Your Score History

You have not taken this quiz